LIBRARY & INFORMATION CENTRE, KCAET, TAVANUR

ONLINE PUBLIC ACCESS CATALOGUE (OPAC)

Vegetable crops / (Record no. 2577)

MARC details
000 -LEADER
fixed length control field 00533cam a2200217ua 4500
041 ## - LANGUAGE CODE
Language code of text/sound track or separate title eng
082 ## - DEWEY DECIMAL CLASSIFICATION NUMBER
Classification number 635
Item number THO/VE
100 ## - MAIN ENTRY--AUTHOR NAME
Personal name Thompson, Homer.C .
245 ## - TITLE STATEMENT
Title Vegetable crops /
250 ## - EDITION STATEMENT
Edition statement 5 /
260 ## - PUBLICATION, DISTRIBUTION, ETC. (IMPRINT)
Place of publication :
Name of publisher Tata Mc-Graw Hill Publishing Company ,
Year of publication 1983.
300 ## - PHYSICAL DESCRIPTION
Number of Pages 611 ; .
700 1# - ADDED ENTRY--PERSONAL NAME
Personal name Kelly, William.C .
942 ## - ADDED ENTRY ELEMENTS (KOHA)
Koha item type Books
Holdings
Withdrawn status Lost status Damaged status Home library Current library Date acquired Full call number Accession Number Koha item type
      KAUAET KAUAET 07/04/2012 635 14615 Books
      KAUAET KAUAET 07/04/2012 635 15901 Books
    Damaged KAUAET KAUAET 19/08/1986 635 15365 Books
free website counter